Statystyki dla Avengers - Postacie po zdjęciach

Kliknij tutaj aby rozwiązać quiz!

Ogólne statystyki

  • Ten quiz został rozwiązany 555 razy
  • Średni wynik to 13 z 23

Statystyki odpowiedzi

Odpowiedź% Poprawnych
Iron Man
100%
Spider Man
100%
Hulk
91%
Thor
89%
Thanos
80%
Loki
73%
Black Widow
70%
Doctor Strange
69%
War Machine
54%
Starlord
52%
Captain America
50%
Black Panther
49%
Gamora
49%
Pepper Potts
46%
Nebula
45%
Falcon
44%
Stan Lee
43%
Scarlet Witch
38%
Vision
37%
Winter Soldier
36%
Drax
29%
Heimdall
25%
Okoye
21%

Rozkład punktacji

Percentyl według liczby udzielonych odpowiedzi

Procent ludzi z każdym wynikiem

Twoja historia wyników

Nie rozwiązałeś tego quizu